Національна структура населення етноконтактних зон (Запис № 404968)

МАРК-запис
000 -Лідер
fixed length control field 01821nam a22002897a 4500
003 - Ідентифікатор контрольного номера
control field UA-OsUOA
001 - Контрольний номер
control field 118853
007 - Фіксоване поле фізичного опису
fixed length control field ta
008 - Елементи даних фіксованої довжини – загальна інформація
fixed length control field 20160922b un ||||| |||| 00| 0 ukr d
090 ## - Локальний шифр розміщення
Класифікаційний індекс УДК 911.3:323.11
Авторський знак (НП) Д40
040 ## - Джерело каталогізації
Агенція оригінальної каталогізації UA-OsUOA
Мова каталогізації ukr
Агенція, яка здійснювала перезапис UA-OsUOA
Агенція, яка здійснювала модифікацію UA-OsUOA
041 ## - Код мови
Код мови тексту/ звукової доріжки чи окремого заголовка (П) ukr
080 ## - Індекс Універсальної десяткової класифікації
Індекс Універсальної десяткової класифікації (УДК) (НП) 911.3:323.11
020 ## - Міжнародний стандартний книжковий номер (ISBN)
Міжнародний стандартний книжковий номер (ISBN) (НП) 978-966-423-069-5
100 ## - Основне введення – ім’я особи
Ім’я особи (НП) Джаман В. О.
245 ## - Відомості про назву
Назва (НП) Національна структура населення етноконтактних зон
Решта назви (НП) монографія
260 ## - Публікація, розповсюдження і т.п. (Вихідні дані)
Місце публікації, розповсюдження і т.п. (П) Чернівці
Ім’я/ наймення видавництва, розповсюджувача і т.п. (П) ЧНУ
Дата публікації, розповсюдження і т.п. (П) 2009
300 ## - Фізичний опис
Обсяг 288 с.
520 3# - Резюме і т.п.
Резюме, реферат, анотація, тощо (НП) Зміст1. Науково-методичні основи дослідження національної структури населення етноконтактних зон2. Етнічна структура населення України: територіальні відміни, динаміка3. Ретроспективно-хорологічний аналіз формування національної структури населе
520 3# - Резюме і т.п.
Резюме, реферат, анотація, тощо (НП) ння Чернівецької області до середини ХХ ст.4. Територіальні особливості сучасної національної структури населення Чернівецької області національної структури населення Чернівецької області5. Вплив національної структури населення на хід демографіч
520 3# - Резюме і т.п.
Резюме, реферат, анотація, тощо (НП) них процесів, матеріальної та духовної культур
650 #7 - Додаткове предметне введення – тематичний термін
Тематичний термін чи географічна назва, як елемент введення (НП) 911 Теоретичнії питання з географії
Джерело заголовка чи терміна UDC
700 ## - Додаткове введення – ім'я особи
Ім’я особи (НП) Костащук І. І.
942 ## - Додаткові елементи входу (Коха)
Тип елемента Koha Книги
955 ## - Код типу видання за змістом
Код типу видання за змістом (НП) Наукові видання
Фонди
Стан вилучень Стан втрат Джерело класифікації або схеми стелажів Стан уражень Не для кредиту Постійне місце розташування Поточне розміщення Дата придбання Джерело придбання Вартість, звичайна ціна покупки Інвентарний номер Усього замовленно Повний номер виклику Штрих-код Дата останнього перегляду Ціна ефективна від Тип елемента Koha
    Universal Decimal Classification     ЧЗ - Читальна зала ЧЗ - Читальна зала 22/09/2016 35/2016 25.00 151990   911.3:323.11 Д40 151990 07/02/2022 22/09/2016 Книги